Ramona's world / (Record no. 21199)

MARC details
000 -LEADER
fixed length control field 03465nam a22004337a 4500
005 - DATE AND TIME OF LATEST TRANSACTION
control field 20090119114350.0
008 - FIXED-LENGTH DATA ELEMENTS--GENERAL INFORMATION
fixed length control field 090119t xxu||||| |||| 00| 0 eng d
010 ## - LCCN (DPL NO)
LC control number B-357769
020 ## - INTERNATIONAL STANDARD BOOK NUMBER
International Standard Book Number 9780380732722
Terms of availability 154.80
020 ## - INTERNATIONAL STANDARD BOOK NUMBER
International Standard Book Number 0380732726
035 ## - SYSTEM CONTROL NUMBER
System control number B-357769
035 ## - SYSTEM CONTROL NUMBER
System control number B-345698-710
037 ## - SOURCE OF ACQUISITION
Source of stock number/acquisition Tarun Books (vendor)
040 ## - CATALOGING SOURCE
Original cataloging agency dpl
Language of cataloging English
082 ## - DEWEY DECIMAL CLASSIFICATION NUMBER
Classification number S
100 ## - MAIN ENTRY--PERSONAL NAME
Personal name Cleary, Beverly
245 ## - TITLE STATEMENT
Title Ramona's world /
Statement of responsibility, etc by Beverly Clearly; illustrated by Tracy Dockray
260 ## - PUBLICATION, DISTRIBUTION, ETC. (IMPRINT)
Place of publication, distribution, etc New York
Name of publisher, distributor, etc Harper Collins Publishers
Date of publication, distribution, etc 2006
270 ## - ADDRESS
Address 1350 Avenue of the Americas
City New York
Postal code NY 10019
300 ## - PHYSICAL DESCRIPTION
Extent 209, 19p.:
Other physical details ill.
Dimensions 20cm(pbk)
700 ## - ADDED ENTRY--PERSONAL NAME
Personal name Dockray, Tracy
942 ## - ADDED ENTRY ELEMENTS (KOHA)
Source of classification or shelving scheme Dewey Decimal Classification
Item type Children Books
Classification part S
Call number suffix CLE
Holdings
Withdrawn status Lost status Source of classification or shelving scheme Damaged status Not for loan Collection code Home library Current library Date acquired Source of acquisition Cost, normal purchase price Total Checkouts Full call number Barcode Date last seen Copy number Cost, replacement price Koha item type Total Renewals Public note
    Dewey Decimal Classification     Fiction Bagh Kadhe Khan Bagh Kadhe Khan 16/10/2009 Tarun Books/3947/21.5.09/13/23.4.09/4.7.09 154.80   S CLE B-345707 16/10/2009 1 154.80 Children Books    
  Written-off vide DLB M. No. 383 dt 16.05.19 Dewey Decimal Classification     Fiction Bawana Bawana 16/10/2009 Tarun Books/3947/21.5.09/13/23.4.09/4.7.09 154.80   S CLE B-345709 16/10/2009 1 154.80 Children Books    
    Dewey Decimal Classification     Fiction Central Library Central Library 16/10/2009 Tarun Books/3947/21.5.09/13/23.4.09/4.7.09 154.80   S CLE B-345701 16/10/2009 1 154.80 Children Books    
Withdrawn   Dewey Decimal Classification     Fiction Janak Puri Janak Puri 18/09/2009 Tarun Books/4121/9.9.09/89/2.9.09/11.9.09 154.80 20 S CLE B-357769 12/10/2015 1 154.80 Children Books    
    Dewey Decimal Classification     Fiction Karol Bagh Karol Bagh 16/10/2009 Tarun Books/3947/21.5.09/13/23.4.09/4.7.09 154.80   S CLE B-345706 16/10/2009 1 154.80 Children Books    
    Dewey Decimal Classification     Fiction Kasturba Gandhi Marg Kasturba Gandhi Marg 16/10/2009 Tarun Books/3947/21.5.09/13/23.4.09/4.7.09 154.80 2 S CLE B-345703 08/02/2021 1 154.80 Children Books 1  
    Dewey Decimal Classification     Fiction Mobile Library Mobile Library 16/10/2009 Tarun Books/3947/21.5.09/13/23.4.09/4.7.09 154.80   S CLE B-345698 16/10/2009 1 154.80 Children Books    
    Dewey Decimal Classification     Fiction Mobile Library Mobile Library 16/10/2009 Tarun Books/3947/21.5.09/13/23.4.09/4.7.09 154.80   S CLE B-345699 16/10/2009 2 154.80 Children Books    
    Dewey Decimal Classification     Fiction Narela Narela 16/10/2009 Tarun Books/3947/21.5.09/13/23.4.09/4.7.09 154.80   S CLE B-345708 16/10/2009 1 154.80 Children Books    
  Written-off vide DLB M. No. 383 dt 16.05.19 Dewey Decimal Classification     Fiction New Police Line New Police Line 16/10/2009 Tarun Books/3947/21.5.09/13/23.4.09/4.7.09 154.80   S CLE B-345700 16/10/2009 1 154.80 Children Books    
    Dewey Decimal Classification     Fiction Patel Nagar Patel Nagar 16/10/2009 Tarun Books/3947/21.5.09/13/23.4.09/4.7.09 154.80   S CLE B-345702 16/10/2009 1 154.80 Children Books    
    Dewey Decimal Classification     Fiction Peshwa Road Peshwa Road 16/10/2009 Tarun Books/3947/21.5.09/13/23.4.09/4.7.09 154.80   S CLE B-345704 16/10/2009 1 154.80 Children Books    
    Dewey Decimal Classification     Fiction Sarojini Nagar Sarojini Nagar 16/10/2009 Tarun Books/3947/21.5.09/13/23.4.09/4.7.09 154.80   S CLE B-345705 16/10/2009 1 154.80 Children Books   Withdrawn List Prepared L.No.53/13
    Dewey Decimal Classification     Fiction Shahdara Branch Shahdara Branch 16/10/2009 Tarun Books/3947/21.5.09/13/23.4.09/4.7.09 154.80   S CLE B-345710 16/10/2009 1 154.80 Children Books    

© Delhi Public Library
Hit Counter
free hit counter